| 000 | 00720nam a2200253Ia 4500 | ||
|---|---|---|---|
| 003 | OSt | ||
| 005 | 20221005051306.0 | ||
| 006 | a|||||r|||| 00| 0 | ||
| 007 | ta | ||
| 008 | 221004b |||||||| |||| 00| 0 eng d | ||
| 020 | _a0485111535 (hbk) | ||
| 024 | _a18036 | ||
| 037 |
_bGift, 27/05/2015, _cTextual |
||
| 040 |
_aCRL _cCRL _beng |
||
| 041 |
_2eng _aeng |
||
| 082 | _aO111,3:g, L5 | ||
| 100 | _aHardy Barbara | ||
| 245 | 0 |
_aTellers and listeners _b The narrative imagination |
|
| 260 |
_aLondon _bAthlone Press UK _c1975 |
||
| 300 |
_axiii, 279p. _ccm. |
||
| 650 | _aENGLISH LITERATURE | ||
| 942 |
_hO111,3:g, L5 _cTEXL _2cc |
||
| 999 |
_c958586 _d958586 |
||